Normal view
MARC view
- Jit satyabrata,
Entry Personal Name
001 - CONTROL NUMBER
- control field: 6765
003 - CONTROL NUMBER IDENTIFIER
- control field: OSt
005 - DATE AND TIME OF LATEST TRANSACTION
- control field: 20250104152257.0
008 - FIXED-LENGTH DATA ELEMENTS
- fixed length control field: 250104|| aca||aabn | a|a d
040 ## - CATALOGING SOURCE
- Original cataloging agency: OSt
- Transcribing agency: OSt
100 ## - HEADING--PERSONAL NAME
- Personal name: Jit satyabrata,
670 ## - SOURCE DATA FOUND
- Source citation: Work cat.: (OSt)13109: Millian Jacob, Halkias . 6764, Millimans Electronics devices and circuts / , 2007.
